Otak 2.0 / (Record no. 4974)
[ view plain ]
| 000 -LEADER | |
|---|---|
| fixed length control field | 00626nam a2200205 a 4500 |
| 005 - DATE AND TIME OF LATEST TRANSACTION | |
| control field | 20230217111527.0 |
| 008 - FIXED-LENGTH DATA ELEMENTS--GENERAL INFORMATION | |
| fixed length control field | 230217t2021 my ||||| |||| 00| 0 eng d |
| 040 ## - CATALOGING SOURCE | |
| Original cataloging agency | AKMAL |
| 082 ## - DEWEY DECIMAL CLASSIFICATION NUMBER | |
| Classification number | 612.82 RIZ |
| 090 ## - LOCALLY ASSIGNED LC-TYPE CALL NUMBER (OCLC); LOCAL CALL NUMBER (RLIN) | |
| Classification number (OCLC) (R) ; Classification number, CALL (RLIN) (NR) | 612.82 |
| Local cutter number (OCLC) ; Book number/undivided call number, CALL (RLIN) | RIZ |
| 100 ## - MAIN ENTRY--PERSONAL NAME | |
| Personal name | Rizal Abu Bakar |
| 9 (RLIN) | 9523 |
| 245 ## - TITLE STATEMENT | |
| Title | Otak 2.0 / |
| Statement of responsibility, etc. | Dr Rizal Abu Bakar |
| 260 ## - PUBLICATION, DISTRIBUTION, ETC. | |
| Place of publication, distribution, etc. | Kota Bharu : |
| Name of publisher, distributor, etc. | Digital Brain Sdn Bhd, |
| Date of publication, distribution, etc. | 2021 |
| 300 ## - PHYSICAL DESCRIPTION | |
| Extent | 136pg. : |
| Other physical details | ill., col ; |
| Dimensions | 21cm |
| 599 ## - LOCAL NOTE | |
| Local Note | DALAM PROSES |
| 650 ## - SUBJECT ADDED ENTRY--TOPICAL TERM | |
| Topical term or geographic name entry element | Brain |
| 9 (RLIN) | 911 |
| 650 ## - SUBJECT ADDED ENTRY--TOPICAL TERM | |
| Topical term or geographic name entry element | Brain stimulation |
| 9 (RLIN) | 1203 |
| 650 ## - SUBJECT ADDED ENTRY--TOPICAL TERM | |
| Topical term or geographic name entry element | Brain |
| General subdivision | Growth |
| 9 (RLIN) | 9524 |
| 942 ## - ADDED ENTRY ELEMENTS (KOHA) | |
| Source of classification or shelving scheme | |
| Koha item type | Book |
| Withdrawn status | Lost status | Source of classification or shelving scheme | Damaged status | Not for loan | Collection code | Home library | Current library | Shelving location | Date acquired | Inventory number | Total Checkouts | Full call number | Barcode | Date last seen | Price effective from | Koha item type |
|---|---|---|---|---|---|---|---|---|---|---|---|---|---|---|---|---|
| NON-FICTION | AKMAL Melaka | AKMAL Melaka | PINJAMAN | 17.02.2023 | 011528 | 612.82 RIZ | 201708191 | 17.02.2023 | 17.02.2023 | Book |
